Las mujeres y el comercio : (Registro nro. 30555)
[ vista simple ]
| 000 -CABECERA | |
|---|---|
| campo de control de longitud fija | 01628nam a2200217 4500 |
| 008 - CÓDIGOS DE INFORMACIÓN DE LONGITUD FIJA | |
| fixed length control field | 240209t2020 us ado|gr||||i001 0 spa d |
| 020 ## - NÚMERO INTERNACIONAL NORMALIZADO PARA LIBROS | |
| ISBN | 9789287053183 |
| 037 ## - SOURCE OF ACQUISITION | |
| Materials specified | Donación |
| 040 ## - Fuente de catalogación | |
| Agencia original de catalogación | CO-JMCR |
| Agencia de transcripción | CO-JMCR |
| Agencia de modificación | CO-JMCR |
| Convenciones de descripción | rda |
| Lenguaje de catalogación | spa |
| 041 ## - CÓDIGO DE LENGUA | |
| Código idioma | spa |
| 082 ## - NÚMERO DE LA CLASIFICACIÓN DECIMAL DEWEY | |
| Edition number | 23 |
| Número de clasificación Decimal | 338.5 |
| Número de documento (Cutter) | C73m |
| 110 ## - NOMBRE CORPORATIVO | |
| Nombre de entidad corporativa | Organización mundial del comercio |
| Relator term | autor |
| 9 (RLIN) | 43333 |
| 245 ## - TÍTULO PROPIAMENTE DICHO | |
| Título | Las mujeres y el comercio : |
| Parte restante del título | el papel del comercio en la promoción de la igualdad de genero / |
| Mención de responsabilidad, etc. | Organización mundial del comercio |
| 264 ## - PRODUCCION, PUBLICACION, DISTRIBUCION, COPYRIGHT | |
| Lugar de producción, publicación, distribución, etc | Washintong : |
| Nombre del editor, productor, distribuidor, etc | Organización mundial del comercio , |
| Fecha de producción, publicación, distribución, copyright | ©2020 |
| 300 ## - DESCRIPCIÓN FÍSICA | |
| Extensión | 204 páginas : |
| Otros detalles físicos | Fotografías, ilustraciones y graficas a color ; |
| Dimensiones | 27 cm. |
| 520 ## - RESUMEN, ETC. | |
| Resumen,etc. | El comercio puede mejorar drásticamente la vida de las mujeres mediante la creación de nuevos puestos de trabajo, el aumento de las posibilidades de elección de los consumidores y el fortalecimiento del poder de negociación de las mujeres en la sociedad. También puede dar lugar a pérdidas de empleo y a una concentración del trabajo en ocupaciones de baja cualificación. Habida cuenta de la complejidad y especificidad de la relación entre comercio y género, es esencial evaluar las repercusiones que pueden tener las políticas comerciales tanto en las mujeres como en los hombres y elaborar políticas adecuadas y basadas en datos empíricos para garantizar que el comercio contribuya a crear mejores oportunidades para todos. |
| 650 ## - TÉRMINO DE MATERIA | |
| 9 (RLIN) | 43350 |
| 650 ## - TÉRMINO DE MATERIA | |
| 9 (RLIN) | 43351 |
| 650 ## - TÉRMINO DE MATERIA | |
| 9 (RLIN) | 43352 |
| Withdrawn status | Lost status | Source of classification or shelving scheme | Damaged status | Not for loan | Home library | Current library | Shelving location | Date acquired | Source of acquisition | Total Checkouts | Full call number | Barcode | Date last seen | Date last checked out | Copy number | Price effective from | Koha item type |
|---|---|---|---|---|---|---|---|---|---|---|---|---|---|---|---|---|---|
| Dewey Decimal Classification | Biblioteca Pública José María del Castillo y Rada | Biblioteca Pública José María del Castillo y Rada | General Stacks | 01/31/2024 | Donación | 1 | 338.5 C73m | 201812249 | 07/22/2024 | 07/22/2024 | Ej. 1 | 02/09/2024 | Books |